[Event "DVM U14w 2011"]
[Site "Arendsee (Altmark) GER"]
[Date "2011.12.28"]
[Round "3"]
[White "Bork, Sophie"]
[Black "Wiesner, Paula"]
[Result "0-1"]
[Termination "normal"]
[Board "7.1"]
[WhiteElo "1548"]
[BlackElo "1780"]
[WhiteTeam "SV Welper"]
[BlackTeam "Karlsruher SF"]
[WhiteFideId "12905429"]
[BlackFideId "24654019"]
[EventCountry "GER"]
[EventRounds "7"]
[EventType "team-swiss"]
[EventDate "2011.12.26"]

1. e4 c5 2. c3 d5 3. exd5 Qxd5 4. d4 Nc6 5. Nf3 Bg4 6. dxc5 Qxd1+ 7. Kxd1
O-O-O+ 8. Ke1 Nf6 9. Be2 e5 10. b4 Be7 11. Nbd2 Nd5 12. Bb2 f5 13. h3 Bxf3 14.
Nxf3 e4 15. Nd2 Nf4 16. g3 Ng2+ 17. Kd1 Bg5 18. Bc1 e3 19. fxe3 Nxe3+ 20. Ke1
Nc2+ 21. Kd1 Nxa1 22. h4 Bh6 23. g4 fxg4 24. Bxg4+ Kb8 25. Rh2 Rhf8 26. Re2
Rf1+ 27. Re1 Rxe1+ 28. Kxe1 Nc2+ 29. Ke2 Re8+ 30. Kf2 Re1 31. Nf3 Rxc1 0-1

[Event "DVM U14w 2011"]
[Site "Arendsee (Altmark) GER"]
[Date "2011.12.28"]
[Round "3"]
[White "Romanova, Alena"]
[Black "Hütte, Sarah"]
[Result "1-0"]
[Termination "normal"]
[Board "7.2"]
[WhiteElo "1509"]
[BlackElo "1055"]
[WhiteTeam "Karlsruher SF"]
[BlackTeam "SV Welper"]
[WhiteFideId "12918784"]
[BlackFideId "12929611"]
[EventCountry "GER"]
[EventRounds "7"]
[EventType "team-swiss"]
[EventDate "2011.12.26"]

1. e4 g6 2. d4 Bg7 3. Nf3 c6 4. Bf4 d5 5. Nc3 Bg4 6. exd5 cxd5 7. Nb5 Na6 8.
Be2 Bxf3 9. Bxf3 Qa5+ 10. Nc3 Qb4 11. Qd3 Bxd4 12. Bd2 e6 13. O-O Be5 14. Rfe1
Qd4 15. Qxd4 Bxd4 16. Bxd5 Rb8 17. Bf4 e5 18. Bxe5 Bxe5 19. Rxe5+ Kf8 20. a3
Nf6 21. Bc4 Nc7 22. Rae1 Kg7 23. Re7 Rbc8 24. Rxf7+ Kh6 25. Rxf6 Ne8 26. Rf4
Rc7 27. Bd3 Nd6 28. Rf6 Ne8 29. Rfe6 Ng7 30. Re7 Rxe7 31. Rxe7 Nf5 32. Rxb7 Re8
33. Kf1 a5 34. Bxf5 gxf5 35. Rb5 Kg6 36. Rxa5 Rd8 37. Rd5 Rb8 38. b4 Rc8 39.
Rc5 Rb8 40. Nd5 1-0

[Event "DVM U14w 2011"]
[Site "Arendsee (Altmark) GER"]
[Date "2011.12.28"]
[Round "3"]
[White "Marx, Jasmin"]
[Black "Bykov, Ilona"]
[Result "1-0"]
[Termination "normal"]
[Board "7.3"]
[WhiteElo "1025"]
[BlackElo "800"]
[WhiteTeam "SV Welper"]
[BlackTeam "Karlsruher SF"]
[WhiteFideId "12929620"]
[BlackFideId "12964433"]
[EventCountry "GER"]
[EventRounds "7"]
[EventType "team-swiss"]
[EventDate "2011.12.26"]

1. d4 d5 2. Nf3 Nf6 3. Bg5 c5 4. c3 Qb6 5. Qc2 Nc6 6. e3 c4 7. Be2 Ne4 8. Bf4
g6 9. Nbd2 Be6 10. Ne5 Bg7 11. Ndf3 Bf5 12. Qc1 Bxe5 13. Bxe5 O-O 14. O-O Bg4
15. Bf4 Bxf3 16. Bxf3 Rae8 17. Bh6 Nf6 18. Bxf8 Rxf8 19. Rb1 Qc7 20. Re1 Rd8
21. e4 e5 22. exd5 Nxd5 23. Bxd5 Rxd5 24. dxe5 Nxe5 25. Qf4 Qc5 26. Qe3 Qd6 27.
Qe2 Qc5 28. Red1 Nd3 29. Qe8+ Kg7 30. Qe3 Qd6 31. g3 a6 32. b3 b5 33. bxc4 bxc4
34. Rb6 Qd7 35. Rxa6 Qd8 36. Qb6 Qg5 37. Qe3 Qh5 38. Ra1 Qh3 39. Qf3 Rh5 40.
Qg2 Qg4 41. Rd6 Rg5 42. Rd4 Nf4 43. Rxf4 Qd7 44. Rxc4 Re5 45. Rd4 Qc7 46. Rc1
Qa5 47. a4 Qb6 48. Rd5 Re7 49. c4 Qa7 50. a5 Rc7 51. c5 Qxa5 52. c6 Kf8 53.
Rxa5 Ke7 54. Qd5 Kf8 55. Qe5 Rc8 56. Rca1 f6 57. Qxf6+ Ke8 58. Ra8 Rd8 59.
Rxd8# 1-0

[Event "DVM U14w 2011"]
[Site "Arendsee (Altmark) GER"]
[Date "2011.12.28"]
[Round "3"]
[White "Henke, Hanna"]
[Black "Schaller, Bettina"]
[Result "0-1"]
[Termination "normal"]
[Board "7.4"]
[WhiteElo "775"]
[BlackElo "1089"]
[WhiteTeam "Karlsruher SF"]
[BlackTeam "SV Welper"]
[WhiteFideId "12964441"]
[BlackFideId "12929638"]
[EventCountry "GER"]
[EventRounds "7"]
[EventType "team-swiss"]
[EventDate "2011.12.26"]

1. e4 d6 2. d4 Nf6 3. Nc3 g6 4. Nf3 Bg7 5. Bc4 O-O 6. Qe2 Bg4 7. e5 Bxf3 8.
gxf3 dxe5 9. dxe5 Nfd7 10. f4 e6 11. Be3 Nc6 12. Bb5 a6 13. Bxc6 bxc6 14. Bd4
Nb6 15. O-O-O Nd5 16. Qe4 Qc8 17. Bc5 Rd8 18. Rd3 Qb7 19. b3 Nxc3 20. Rxc3 Rd5
21. Rd1 Qb5 22. Rxd5 cxd5 23. Qe1 Bh6 24. Be3 c6 25. Rc5 Qb7 26. Qc3 Rc8 27.
Qe1 Bf8 28. Rc3 Bb4 29. Bc5 Bxc3 30. Qxc3 Qb5 31. Qd4 Rb8 32. Ba7 Qb4 33. Qe3
Rb7 34. Bc5 Qa5 35. Kb1 Rb5 36. Bd4 c5 37. Bc3 Qd8 38. Qd2 d4 39. Bb2 Qd5 40.
a4 Rb6 41. a5 Rb7 42. Ka2 c4 43. Qd1 Qxa5+ 44. Kb1 cxb3 45. cxb3 Qb4 46. Ka2
Rd7 47. Qd3 a5 48. Qa6 Rd8 49. Ba3 Qd2+ 50. Bb2 d3 51. Qb6 Rc8 52. Qa6 Qc2 53.
Qxa5 d2 54. b4 d1=Q 55. b5 Qdb1+ 56. Ka3 Qbxb2# 0-1

[Event "DVM U14w 2011"]
[Site "Arendsee (Altmark) GER"]
[Date "2011.12.28"]
[Round "3"]
[White "Braun, Kristin"]
[Black "Reyher, Susan"]
[Result "1/2-1/2"]
[Termination "normal"]
[Board "8.1"]
[WhiteElo "1825"]
[BlackElo "1341"]
[WhiteTeam "SC Uttenreuth"]
[BlackTeam "SV Gryps"]
[WhiteFideId "24656534"]
[BlackFideId "24686107"]
[EventCountry "GER"]
[EventRounds "7"]
[EventType "team-swiss"]
[EventDate "2011.12.26"]

1. e4 e5 2. Nf3 Nc6 3. Nc3 Nf6 4. d4 exd4 5. Nxd4 d5 6. Nxc6 bxc6 7. exd5 Nxd5
8. Nxd5 Qxd5 9. Qxd5 cxd5 10. Bf4 c6 11. O-O-O Bc5 12. f3 Be6 13. Ba6 Bd7 14.
Bb7 O-O 15. Bxa8 Rxa8 16. Rhe1 Rf8 17. Be3 Bd6 18. g3 a6 19. f4 Re8 20. c4 Bg4
21. Rd3 Bb4 22. Bd2 Rxe1+ 23. Bxe1 Bxe1 24. cxd5 cxd5 25. Rxd5 Bb4 26. Rd8+ Bf8
27. Kd2 Bf3 28. Rb8 Bc6 29. b3 Bb5 30. a4 Bf1 31. b4 g6 32. b5 axb5 33. axb5
Kg7 34. b6 Bg2 35. Kc3 Bd6 36. Rd8 Bc5 37. Rd2 Bb7 38. Rb2 Be7 39. Kc4 1/2-1/2

[Event "DVM U14w 2011"]
[Site "Arendsee (Altmark) GER"]
[Date "2011.12.28"]
[Round "3"]
[White "Wagner, Swenja"]
[Black "Michalowski, Melina"]
[Result "1/2-1/2"]
[Termination "normal"]
[Board "8.2"]
[WhiteElo "1249"]
[BlackElo "1163"]
[WhiteTeam "SV Gryps"]
[BlackTeam "SC Uttenreuth"]
[WhiteFideId "12900494"]
[BlackFideId "12902462"]
[EventCountry "GER"]
[EventRounds "7"]
[EventType "team-swiss"]
[EventDate "2011.12.26"]

1. e4 c6 2. d4 d5 3. e5 Bf5 4. Nf3 e6 5. Be2 Nd7 6. O-O c5 7. Be3 Qb6 8. b3
cxd4 9. Bxd4 Bc5 10. c3 Ne7 11. b4 Bxd4 12. Qxd4 Rc8 13. Na3 Nc6 14. Qxb6 Nxb6
15. Nb5 O-O 16. Nd6 Rc7 17. Nxf5 exf5 18. Bb5 Ne7 19. Rac1 a6 20. Bd3 Re8 21.
Rfe1 Nc6 22. Bxf5 Rce7 23. Ng5 g6 24. Bh3 Nxe5 25. g3 h6 26. f4 1/2-1/2

[Event "DVM U14w 2011"]
[Site "Arendsee (Altmark) GER"]
[Date "2011.12.28"]
[Round "3"]
[White "Michalowski, Sophia"]
[Black "Melüh, Vanessa"]
[Result "1-0"]
[Termination "normal"]
[Board "8.3"]
[WhiteElo "1165"]
[BlackElo "800"]
[WhiteTeam "SC Uttenreuth"]
[BlackTeam "SV Gryps"]
[WhiteFideId "12902454"]
[EventCountry "GER"]
[EventRounds "7"]
[EventType "team-swiss"]
[EventDate "2011.12.26"]

1. d4 d5 2. c4 dxc4 3. e4 Nc6 4. Nf3 Nf6 5. e5 Bg4 6. exf6 exf6 7. Bxc4 Bb4+ 8.
Bd2 O-O 9. O-O Re8 10. Bxb4 Nxb4 11. Qb3 Qxd4 12. Nxd4 Be6 13. Nxe6 fxe6 14.
Qxb4 Kh8 15. Nc3 e5 16. Qxb7 Rad8 17. Qxc7 h5 18. Rfd1 a5 19. Rxd8 Rxd8 20.
Qxd8+ Kh7 21. Bd3+ f5 22. Bxf5+ g6 23. Qe7+ Kh6 24. Qf6 a4 25. Qxg6# 1-0

[Event "DVM U14w 2011"]
[Site "Arendsee (Altmark) GER"]
[Date "2011.12.28"]
[Round "3"]
[White "Decker, Martha"]
[Black "Meyer, Franziska"]
[Result "0-1"]
[Termination "normal"]
[Board "8.4"]
[WhiteElo "800"]
[BlackElo "904"]
[WhiteTeam "SV Gryps"]
[BlackTeam "SC Uttenreuth"]
[BlackFideId "12929530"]
[EventCountry "GER"]
[EventRounds "7"]
[EventType "team-swiss"]
[EventDate "2011.12.26"]

1. d4 d5 2. Bf4 e6 3. Nc3 Bd6 4. Be3 f5 5. Nf3 Nf6 6. h3 O-O 7. a4 Nbd7 8. Bg5
Qe8 9. Ra3 Bxa3 10. bxa3 Nb6 11. Na2 Qxa4 12. Nc3 Qa5 13. Bd2 Qxa3 14. Nh4 Bd7
15. Rh2 Ba4 16. Nf3 Ne4 17. Bf4 Nxc3 18. Qc1 Qxc1+ 19. Bxc1 Nc4 20. e3 Bxc2 21.
Rh1 b5 22. g4 fxg4 23. hxg4 Rxf3 24. Rh2 Raf8 25. Rh3 Rxf2 26. Rh2 Rxf1# 0-1

[Event "DVM U14w 2011"]
[Site "Arendsee (Altmark) GER"]
[Date "2011.12.28"]
[Round "3"]
[White "Rosmait, Emily"]
[Black "Holschuh, Luisa"]
[Result "1-0"]
[Termination "normal"]
[Board "9.1"]
[WhiteElo "1537"]
[BlackElo "998"]
[WhiteTeam "Lübecker SV"]
[BlackTeam "SV 1926 Riegelsberg"]
[WhiteFideId "12937754"]
[BlackFideId "12951978"]
[EventCountry "GER"]
[EventRounds "7"]
[EventType "team-swiss"]
[EventDate "2011.12.26"]

1. e4 d5 2. exd5 Qxd5 3. Nc3 Qa5 4. d4 e5 5. Bc4 Bb4 6. Nge2 Nf6 7. O-O exd4 8.
Qxd4 Nc6 9. Qe3+ Qe5 10. Qf3 Bg4 11. Qe3 O-O 12. a3 Bd6 13. Ng3 Rfe8 14. Qd3
Rad8 15. Nb5 Bc5 16. Qb3 Be6 17. Bxe6 Rxe6 18. Qc4 Na5 19. Qa4 a6 20. Nc3 Red6
21. Bf4 Qe6 22. Bxd6 Rxd6 23. Qxa5 Bb6 24. Qf5 Qe7 25. Qc8+ Rd8 26. Qxb7 a5 27.
Rad1 Re8 28. Qf3 g6 29. Nd5 Nxd5 30. Rxd5 c6 31. Rd2 Qc5 32. Rfd1 a4 33. Ne4
Qe7 34. Nf6+ Kg7 35. Nxe8+ Qxe8 36. Re2 Qa8 37. Rd7 Qf8 38. Qxc6 Bc5 39. Qxa4
Qc8 40. Red2 Qe8 41. Rd1 Qe2 42. Qf4 Qe6 43. Qf3 Bb6 44. R7d6 1-0

[Event "DVM U14w 2011"]
[Site "Arendsee (Altmark) GER"]
[Date "2011.12.28"]
[Round "3"]
[White "Weiten, Anna"]
[Black "Zech, Anna"]
[Result "1-0"]
[Termination "normal"]
[Board "9.2"]
[WhiteElo "844"]
[BlackElo "1176"]
[WhiteTeam "SV 1926 Riegelsberg"]
[BlackTeam "Lübecker SV"]
[WhiteFideId "12938203"]
[BlackFideId "12909424"]
[EventCountry "GER"]
[EventRounds "7"]
[EventType "team-swiss"]
[EventDate "2011.12.26"]

1. e4 Nf6 2. Nc3 d5 3. e5 Nfd7 4. d4 Nb6 5. Nf3 Bg4 6. h3 Bh5 7. Bf4 e6 8. Be2
Bb4 9. Qd3 Qe7 10. O-O Nc6 11. a3 Bxc3 12. Qxc3 O-O-O 13. Bb5 Qd7 14. Nd2 a6
15. Bxc6 Qxc6 16. Qxc6 bxc6 17. Bg5 Rde8 18. Nb3 Na4 19. Rfb1 Bg6 20. Rc1 Nxb2
21. Rab1 Nc4 22. Ra1 Kd7 23. Nc5+ Kc8 24. Nxa6 Kb7 25. Nc5+ Ka7 26. Rab1 Rb8
27. Kf1 Rxb1 28. Rxb1 Bxc2 29. Rb7+ Ka8 30. Rxc7 Rf8 31. Be7 Rb8 32. Bd6 f6 33.
Rxc6 Nxd6 34. exd6 Rd8 35. d7 Kb8 36. Rb6+ Kc7 37. Nxe6+ Kxb6 38. Nxd8 Kc7 39.
Ne6+ Kxd7 40. Nxg7 Kc6 41. Ke2 Kb5 42. Ke3 Ka4 43. Kf4 Kxa3 44. g4 Kb4 45. Nh5
Kc4 46. Ke3 f5 47. gxf5 Bxf5 48. Nf6 Bxh3 49. Nxh7 Bf5 50. Nf6 Be6 51. f3 Bf5
52. f4 Be6 53. Nh5 Bf7 54. Ng7 Kb5 55. f5 Kc6 56. Kf4 Kd6 57. Kg5 Ke7 58. f6+
Kd6 59. Kf5 Kd7 60. Ke5 Bg8 61. Kf5 Bf7 62. Kg5 Kd6 63. Kh6 Kc6 64. Ne8 Kd7 65.
Nc7 Kxc7 66. Kg7 Be6 67. f7 Bxf7 68. Kxf7 Kd7 69. Kf6 Kd6 70. Kf5 Kd7 71. Ke5
Kc6 72. Ke6 Kc7 73. Kxd5 Kd7 74. Ke5 Ke7 75. d5 Kd7 76. d6 Ke8 77. Ke6 Kd8 78.
d7 Kc7 79. Ke7 Kc6 80. d8=Q Kc5 81. Ke6 Kc4 82. Ke5 Kc3 83. Ke4 Kc2 84. Ke3 Kc3
85. Qc7+ Kb2 86. Kd3 Kb1 87. Kd2 Ka2 88. Qb6 Ka3 89. Kc3 Ka4 90. Qb4# 1-0

[Event "DVM U14w 2011"]
[Site "Arendsee (Altmark) GER"]
[Date "2011.12.28"]
[Round "3"]
[White "Kusanowa, Maria"]
[Black "Weiten, Katharina"]
[Result "1-0"]
[Termination "normal"]
[Board "9.3"]
[WhiteElo "890"]
[BlackElo "755"]
[WhiteTeam "Lübecker SV"]
[BlackTeam "SV 1926 Riegelsberg"]
[BlackFideId "12971979"]
[EventCountry "GER"]
[EventRounds "7"]
[EventType "team-swiss"]
[EventDate "2011.12.26"]

1. e4 e5 2. Nf3 Nc6 3. Nc3 Nf6 4. Bc4 Nxe4 5. Nxe4 d5 6. Nc3 dxc4 7. O-O Bg4 8.
h3 Bh5 9. g4 Bg6 10. Re1 Bc5 11. Nxe5 Nxe5 12. Rxe5+ Be7 13. Qe1 c6 14. b3 cxb3
15. cxb3 Rc8 16. Ba3 Rc7 17. Qe2 b6 18. Re1 c5 19. b4 O-O 20. Rxe7 Rc8 21. bxc5
bxc5 22. Na4 h6 23. Bxc5 Qa5 24. Rxa7 Qd8 25. Bxf8 Qxf8 26. Qe7 Qxe7 27. Raxe7
f6 28. d4 Rc4 29. d5 Rxa4 30. d6 Rd4 31. Rd7 Bf7 32. a3 Bc4 33. Rd8+ Kf7 34.
Re7+ Kg6 35. d7 Bb5 36. Kg2 Bxd7 37. Rdxd7 Rxd7 38. Rxd7 Kg5 39. Kg3 g6 40. a4
f5 41. gxf5 gxf5 42. a5 f4+ 43. Kg2 Kh4 44. a6 h5 45. a7 f3+ 46. Kxf3 Kxh3 47.
Rh7 h4 48. a8=Q Kh2 49. Qc8 h3 50. Qxh3+ Kg1 51. Qh1# 1-0

[Event "DVM U14w 2011"]
[Site "Arendsee (Altmark) GER"]
[Date "2011.12.28"]
[Round "3"]
[White "Weiten, Teresa"]
[Black "Mushket, Alexsandra"]
[Result "1-0"]
[Termination "normal"]
[Board "9.4"]
[WhiteElo "728"]
[BlackElo "800"]
[WhiteTeam "SV 1926 Riegelsberg"]
[BlackTeam "Lübecker SV"]
[WhiteFideId "12971944"]
[EventCountry "GER"]
[EventRounds "7"]
[EventType "team-swiss"]
[EventDate "2011.12.26"]

1. e4 e5 2. Nf3 Nc6 3. Nc3 Nf6 4. d4 d5 5. exd5 exd4 6. Bb5 dxc3 7. Qe2+ Qe7 8.
Qxe7+ Bxe7 9. dxc6 b6 10. O-O O-O 11. bxc3 Bg4 12. Nd4 Bc5 13. Bf4 Rac8 14.
Rfe1 Bxd4 15. cxd4 Nd5 16. Bg5 Nb4 17. Be7 Nxc2 18. Bxf8 Kxf8 19. Re4 Nxa1 20.
Rxg4 Re8 21. h3 Nc2 22. d5 Rd8 23. Rg5 Nb4 24. Bc4 a6 25. a3 b5 26. Bb3 f6 27.
Rf5 g6 28. Rxf6+ Kg7 29. Re6 Nxd5 30. Re5 Nb6 31. Re7+ Kh6 32. Rxc7 a5 33. Rb7
a4 34. c7 Rc8 35. Be6 b4 36. Bxc8 Nxc8 37. Rb8 b3 38. f4 g5 39. fxg5+ Kxg5 40.
Kf2 Kf4 41. g3+ Ke4 42. Rb4+ Kd3 43. Ke1 Kc3 44. Kd1 b2 45. g4 Nd6 46. Rb6 h6
47. h4 Nc4 48. c8=Q h5 49. Qh8+ Kd3 50. Qd8+ Kc3 51. Qf6+ Kd3 52. Qf3+ Kd4 53.
Rb4 b1=Q+ 54. Rxb1 Kc5 55. Qd3 hxg4 56. Qf5+ Kd4 57. Qxg4+ 1-0

[Event "DVM U14w 2011"]
[Site "Arendsee (Altmark) GER"]
[Date "2011.12.28"]
[Round "4"]
[White "Nobis, Anna"]
[Black "Mehling, Katharina"]
[Result "0-1"]
[Termination "normal"]
[Board "1.1"]
[WhiteElo "1560"]
[BlackElo "1663"]
[WhiteTeam "Chemnitzer SC Aufbau '95"]
[BlackTeam "SpVgg Stetten"]
[WhiteFideId "1270302"]
[BlackFideId "12900362"]
[EventCountry "GER"]
[EventRounds "7"]
[EventType "team-swiss"]
[EventDate "2011.12.26"]

1. e4 e5 2. Bc4 Bc5 3. Nf3 Nc6 4. c3 Nf6 5. d3 d6 6. O-O O-O 7. Bb3 a6 8. Nbd2
Bg4 9. Re1 Ba7 10. Nf1 Ne7 11. Ng3 Ng6 12. h3 Be6 13. Bc2 b5 14. d4 a5 15. Bg5
h6 16. Be3 Bd7 17. Qd2 Re8 18. Rad1 Bc6 19. b3 exd4 20. Bxd4 Nd7 21. Nf5 Nde5
22. Qe3 Bxd4 23. cxd4 Nxf3+ 24. Qxf3 Bd7 25. Rc1 Ne7 26. Ng3 Nc6 27. Qd3 Nb4
28. Qd2 Nxa2 29. Ra1 Nb4 30. Ra3 Nxc2 31. Qxc2 c6 32. Rea1 Qb6 33. Qd2 b4 34.
R3a2 Qb5 35. f3 c5 36. dxc5 dxc5 37. Rc1 Be6 38. Qe3 Rec8 39. Rac2 c4 40. bxc4
Rxc4 41. Rxc4 Bxc4 42. Nf5 Be6 43. Nd6 Qa6 44. Nf5 Qa7 45. Kf2 Qxe3+ 46. Kxe3
b3 47. Nd4 a4 48. Nxe6 fxe6 49. Kd3 b2 50. Rb1 a3 51. Kc2 Rb8 52. Kc3 Kf7 53.
f4 Rc8+ 54. Kd2 a2 55. Rxb2 a1=Q 0-1

[Event "DVM U14w 2011"]
[Site "Arendsee (Altmark) GER"]
[Date "2011.12.28"]
[Round "4"]
[White "Bosse, Lea"]
[Black "Kempe, Anne"]
[Result "0-1"]
[Termination "normal"]
[Board "1.2"]
[WhiteElo "1631"]
[BlackElo "1648"]
[WhiteTeam "SpVgg Stetten"]
[BlackTeam "Chemnitzer SC Aufbau '95"]
[WhiteFideId "12900419"]
[BlackFideId "12918083"]
[EventCountry "GER"]
[EventRounds "7"]
[EventType "team-swiss"]
[EventDate "2011.12.26"]

1. e4 c5 2. Nc3 Nc6 3. g3 g6 4. Bg2 Bg7 5. f4 e6 6. Nf3 d6 7. O-O Nge7 8. d3
O-O 9. Qe1 Rb8 10. g4 f5 11. Qg3 b5 12. h4 Kh8 13. Qh2 fxg4 14. Ne1 Nd4 15. Rf2
h5 16. Ne2 Nxe2+ 17. Rxe2 Nc6 18. c3 Rb6 19. Qh1 Bd7 20. Be3 Qe7 21. Rd1 b4 22.
cxb4 Rxb4 23. b3 Nd4 24. Red2 Rbb8 25. Nc2 Nxc2 26. Rxc2 Rf7 27. Qh2 a5 28.
Rcd2 Rbf8 29. Rf1 Bb5 30. Rff2 Bd4 31. Bxd4+ cxd4 32. Qg3 Qc7 33. Rc2 Qb8 34.
e5 d5 35. Rc1 a4 36. Rb1 Qc7 37. bxa4 Bxa4 38. Rb4 Qa7 39. Bf1 Be8 40. Bg2 Qc5
41. Rb1 Ba4 42. Bf1 Qa3 43. Rb6 Bd7 44. Rb1 Qc3 45. Qh2 Qa5 46. Kg2 Rc8 47. Kg3
Be8 48. Rc2 Rfc7 49. Rxc7 Qxc7 50. Qb2 Qa7 51. Qb7 Qxb7 52. Rxb7 Kg8 53. Rb6
Rc6 54. Rb2 Rc1 55. Be2 Rh1 56. Rb6 Kf7 57. Rb7+ Kf8 58. Rb8 Ke7 59. Rb4 Rh3+
60. Kg2 Rxh4 61. a4 Bc6 62. a5 Rh3 63. a6 Re3 64. Bf1 Re1 65. Rb6 Kd7 66. Rb8
Ra1 67. Rg8 Rxa6 68. Rg7+ Kd8 69. Rxg6 Be8 70. Rh6 Ke7 71. Kg3 Ra1 72. Kg2 Re1
73. Kf2 Re3 74. Be2 g3+ 0-1

[Event "DVM U14w 2011"]
[Site "Arendsee (Altmark) GER"]
[Date "2011.12.28"]
[Round "4"]
[White "Hartewig, Anja"]
[Black "Schneider, Jana"]
[Result "0-1"]
[Termination "normal"]
[Board "1.3"]
[WhiteElo "1607"]
[BlackElo "1423"]
[WhiteTeam "Chemnitzer SC Aufbau '95"]
[BlackTeam "SpVgg Stetten"]
[WhiteFideId "12917966"]
[BlackFideId "12924997"]
[EventCountry "GER"]
[EventRounds "7"]
[EventType "team-swiss"]
[EventDate "2011.12.26"]

1. d4 d5 2. c4 e6 3. Nc3 Nf6 4. cxd5 exd5 5. Bg5 Nbd7 6. e3 Be7 7. Bd3 c6 8.
Qc2 O-O 9. Nf3 Re8 10. O-O Nf8 11. Rab1 Ne4 12. Bxe7 Qxe7 13. Bxe4 dxe4 14. Nd2
f5 15. b4 Be6 16. a4 Rac8 17. Qb2 Nd7 18. Rfc1 Nb6 19. a5 Nc4 20. Nxc4 Bxc4 21.
b5 Bd3 22. Ra1 c5 23. dxc5 Rxc5 24. b6 a6 25. Ne2 Qe5 26. Qxe5 Rexe5 27. Rxc5
Rxc5 28. Nd4 Kf7 29. h4 Kf6 30. g3 Ke5 31. Kg2 g6 32. f3 exf3+ 33. Kxf3 Be4+
34. Kf2 Kd5 35. Ke2 Rc3 36. Kd2 Rd3+ 37. Ke2 Kc5 38. Ne6+ Kb4 39. Nf8 h6 40.
Nxg6 Ra3 41. Rxa3 Kxa3 42. h5 Bd5 43. Ne5 Kb4 44. g4 Be6 45. gxf5 Bxf5 46. Kf3
Be6 47. Ng4 Bf7 48. Nf6 Kxa5 49. e4 Kxb6 50. e5 a5 51. Kf4 Be6 52. Ng4 Bxg4 53.
Kxg4 Kc6 54. Kf5 Kd7 55. Kf6 Ke8 56. Kg6 a4 57. Kxh6 a3 58. Kg6 a2 0-1

[Event "DVM U14w 2011"]
[Site "Arendsee (Altmark) GER"]
[Date "2011.12.28"]
[Round "4"]
[White "Binner, Jule"]
[Black "Nitzsche, Pia"]
[Result "0-1"]
[Termination "normal"]
[Board "1.4"]
[WhiteElo "894"]
[BlackElo "1543"]
[WhiteTeam "SpVgg Stetten"]
[BlackTeam "Chemnitzer SC Aufbau '95"]
[WhiteFideId "16205332"]
[BlackFideId "12900370"]
[EventCountry "GER"]
[EventRounds "7"]
[EventType "team-swiss"]
[EventDate "2011.12.26"]

1. d4 Nf6 2. Nc3 g6 3. e4 d6 4. f3 Bg7 5. Be3 O-O 6. Qd2 Re8 7. Bh6 Bh8 8. g4
c5 9. d5 a6 10. O-O-O b5 11. h4 b4 12. Nce2 Qa5 13. Kb1 c4 14. h5 c3 15. bxc3
bxc3 16. Nxc3 Nxe4 17. fxe4 Bxc3 18. Qe3 Qb4+ 19. Kc1 Qb2# 0-1

[Event "DVM U14w 2011"]
[Site "Arendsee (Altmark) GER"]
[Date "2011.12.28"]
[Round "4"]
[White "Manusina, Nicole"]
[Black "Halas, Lena"]
[Result "1-0"]
[Termination "normal"]
[Board "2.1"]
[WhiteElo "1752"]
[BlackElo "1592"]
[WhiteTeam "SG Oesede-Georgsmarienhütte"]
[BlackTeam "USG Chemnitz"]
[WhiteFideId "24657514"]
[BlackFideId "12931799"]
[EventCountry "GER"]
[EventRounds "7"]
[EventType "team-swiss"]
[EventDate "2011.12.26"]

1. d4 d5 2. c4 e6 3. Nc3 f5 4. Nf3 c6 5. Bf4 Nf6 6. e3 Be7 7. Bd3 O-O 8. O-O
Ne4 9. Bxe4 fxe4 10. Ne5 Qe8 11. f3 exf3 12. Rxf3 Nd7 13. Qe2 Nxe5 14. Bxe5
Rxf3 15. Qxf3 dxc4 16. Rf1 Qg6 17. Qe2 b5 18. Rf3 Bh4 19. Rh3 Bf6 20. Rg3 Qf7
21. Rf3 Qe7 22. Bxf6 gxf6 23. Ne4 f5 24. Rg3+ Kh8 25. Ng5 Bd7 26. Qh5 Be8 27.
Qh6 Bg6 28. Nf3 Qg7 29. Qh4 Kg8 30. Ne5 Rc8 31. Rg5 c5 32. Qg3 Kf8 33. Nxg6+
hxg6 34. Rxg6 Qf7 35. Qd6+ Qe7 36. Rf6+ 1-0

[Event "DVM U14w 2011"]
[Site "Arendsee (Altmark) GER"]
[Date "2011.12.28"]
[Round "4"]
[White "Hinzke, Anna-Lena"]
[Black "Kluge, Leyla"]
[Result "1-0"]
[Termination "normal"]
[Board "2.3"]
[WhiteElo "1376"]
[BlackElo "1565"]
[WhiteTeam "SG Oesede-Georgsmarienhütte"]
[BlackTeam "USG Chemnitz"]
[WhiteFideId "12928704"]
[BlackFideId "12918172"]
[EventCountry "GER"]
[EventRounds "7"]
[EventType "team-swiss"]
[EventDate "2011.12.26"]

1. e4 c5 2. Nf3 Nc6 3. d4 cxd4 4. Nxd4 Nf6 5. Nc3 g6 6. Be3 Bg7 7. Bc4 O-O 8.
Bb3 d6 9. h3 Bd7 10. O-O Re8 11. f4 Qc8 12. Qd2 Bxh3 13. gxh3 Qxh3 14. Rf3 Qg4+
15. Kf2 Qh4+ 16. Ke2 Ng4 17. Nxc6 bxc6 18. Rg1 Qh2+ 19. Ke1 Qxd2+ 20. Bxd2 h5
21. f5 Ne5 22. Rf2 e6 23. fxg6 fxg6 24. Kd1 Kh7 25. Kc1 Rab8 26. Ne2 d5 27.
exd5 exd5 28. Bc3 Rf8 29. Rgf1 Ng4 30. Rf7 Rg8 31. Rxa7 Nh6 32. Nf4 Rbf8 33.
Bxg7 Rxg7 34. Rxg7+ Kh8 35. Nxg6+ Kxg7 36. Nxf8 h4 37. Ba4 h3 38. Bxc6 h2 39.
Bxd5 h1=Q 40. Bxh1 Kh8 41. a4 Ng8 42. a5 Ne7 43. a6 Nc8 44. Rf7 Kg8 45. Rc7 Nb6
46. a7 Kxf8 47. Rc8+ Ke7 48. Rb8 Nd7 49. a8=Q Nxb8 50. Qb7+ Nd7 51. Bc6 Kf6 52.
Qxd7 Ke5 53. Qd3 Kf4 54. Qe2 Kf5 55. Qe3 Kf6 56. Qe4 Kg5 57. Qf3 Kg6 58. Qf4
Kg7 59. Qf5 Kg8 60. Qd7 Kf8 61. Be4 Kg8 62. Bg6 Kf8 63. Qf7# 1-0

[Event "DVM U14w 2011"]
[Site "Arendsee (Altmark) GER"]
[Date "2011.12.28"]
[Round "4"]
[White "Jentzsch, Juliane"]
[Black "Wang, Yanru"]
[Result "0-1"]
[Termination "normal"]
[Board "2.4"]
[WhiteElo "1227"]
[BlackElo "1246"]
[WhiteTeam "USG Chemnitz"]
[BlackTeam "SG Oesede-Georgsmarienhütte"]
[BlackFideId "12929328"]
[EventCountry "GER"]
[EventRounds "7"]
[EventType "team-swiss"]
[EventDate "2011.12.26"]

1. c4 e5 2. Nc3 Nf6 3. g3 Nc6 4. Bg2 Be7 5. Nf3 O-O 6. O-O d6 7. e3 Be6 8. b3
Qd7 9. Ng5 Bg4 10. Qc2 h6 11. Nf3 Bh3 12. d4 Bxg2 13. Kxg2 exd4 14. exd4 d5 15.
Re1 dxc4 16. bxc4 Rfe8 17. d5 Na5 18. Ne5 Qc8 19. Bf4 g5 20. Bd2 Bd6 21. Qa4
Bxe5 22. Qxa5 b6 23. Qa3 Qg4 24. Qc1 Qf5 25. Qb1 Qxb1 26. Raxb1 Nd7 27. Re4 f5
28. Re2 Bg7 29. Rbe1 Rxe2 30. Rxe2 Ne5 31. Nb5 Nxc4 32. Nxc7 Rc8 33. Nb5 Rd8
34. Nc7 Rd7 35. Ne6 Rxd5 36. Nxg7 Kxg7 37. Bc3+ Kf7 38. Re1 a5 39. Rc1 Ne5 40.
Re1 Nc6 41. Rb1 b5 42. a3 Rd3 43. Rc1 b4 44. axb4 axb4 45. Be1 Rd6 46. Rb1 Rd4
47. Kf1 Ke6 48. Ke2 Kd5 49. Bd2 Rc4 50. Kd3 Ne5+ 51. Ke2 Re4+ 52. Kd1 Nd3 53.
Be3 Kc4 54. Kc2 b3+ 55. Kd2 Re8 56. Ba7 b2 57. Be3 Ra8 58. Kc2 Ra1 59. Rxb2
Nxb2 60. Kxb2 Ra6 61. Kb1 Rd6 62. Kc2 g4 63. Bf4 Re6 64. Kd2 h5 65. Be3 Re4 66.
Bb6 f4 67. gxf4 Rxf4 68. Be3 Rf5 69. Bb6 Rf3 70. Be3 h4 71. Ke2 h3 72. Kd2 Rf7
73. Ke2 Rb7 74. Ke1 Kd3 75. Kd1 Rb1+ 76. Bc1 Rxc1+ 77. Kxc1 Ke2 78. f4 gxf3 79.
Kc2 f2 80. Kc3 f1=Q 81. Kd4 Qf2+ 82. Ke4 Qxh2 83. Kd4 Qd6+ 84. Ke4 h2 85. Kf5
h1=Q 86. Kg4 Qf8 87. Kg3 Qg1+ 88. Kh4 Qh8# 0-1